| 000 | 01562nam0a2200349 4500 | ||
|---|---|---|---|
| 001 | RU\NLR\bibl\1343475 | ||
| 005 | 20260405143439.0 | ||
| 021 |
_aRU _b2009-1526 _978 |
||
| 035 | _a(nilc)RSL-KNO-004229810 | ||
| 035 | _a(NLR Aleph) 001328623 | ||
| 090 |
_a785982 _c785982 |
||
| 100 | _a20090218d2008 |||y0rusy50 ca | ||
| 101 | 0 | _arus | |
| 102 | _aRU | ||
| 105 | _aa ||||||||| | ||
| 200 | 1 |
_aМосква и Красная Поляна _eстихотворения _fСоколова Н. А. |
|
| 210 |
_aМосква _cМАКС Пресс _d2008 |
||
| 215 |
_a42, [2] с. _cил. _d21 |
||
| 607 |
_aМосква, город _xв художественной литературе _91392984 _3RU\NLR\auth\66585649 |
||
| 610 | 0 | _aФилологические науки. Художественная литература -- Российская Федерация -- Русская литература -- с сер. 50-х гг. 20 в. -- Произведения художественной литературы -- Поэзия -- Сборники одного автора | |
| 686 |
_aШ5(2=Р)75-65я44 _2rubbk |
||
| 686 | _aШ6(2=Р)75-5 | ||
| 686 | _aШ6(2=Р)75-94 | ||
| 700 | 1 |
_4070 _8rus _7ca _aСоколова _bН. А. _cпоэтесса, педагог _gНаталья Александровна _3RU\NLR\auth\7759164 _942096 |
|
| 801 | 0 |
_aRU _bРКП _c20090218 _grcr |
|
| 801 | 1 |
_aRU _bРГБ _c20090218 |
|
| 801 | 2 |
_aRU _bNLR _c20090319 _grcr |
|
| 942 | _cBOOK | ||
| 980 | _aNB | ||